Daily Capital City Riddle #72 - Statistics

General Stats
  • This quiz has been taken 50 times
  • The average score is 32 of 34
Answer Stats
Type Answer % Correct
Alphabet Letter D
100%
Correctly Placed Letter I
100%
Found Letter I
100%
Alphabet Letter L
100%
Found Letter N
100%
Alphabet Letter O
100%
Alphabet Letter R
100%
Alphabet Letter T
100%
Alphabet Letter A
98%
Found Letter B
98%
Found Letter E
98%
Alphabet Letter M
98%
Correctly Placed Letter N
98%
Alphabet Letter S
98%
Alphabet Letter U
98%
Correctly Placed Letter B
95%
Alphabet Letter C
95%
Found Letter G
95%
Alphabet Letter H
95%
Correctly Placed Letter I
95%
Alphabet Letter W
95%
Correctly Placed Letter E
93%
Alphabet Letter K
93%
Alphabet Letter P
93%
Correctly Placed Letter G
91%
Alphabet Letter V
91%
Alphabet Letter X
91%
Alphabet Letter Y
91%
Found Letter J
89%
Alphabet Letter Q
89%
Mystery Capital Beijing
86%
Alphabet Letter F
86%
Correctly Placed Letter J
86%
Alphabet Letter Z
86%
No matching quizzes found
Score Distribution
Percent of People with Each Score
Percentile by Number Answered
Your Score History
You have not taken this quiz